00422nam a22001457a 4500003000400000008004100004082001700045100001900062245009300081260003200174300000900206502001500215650002900230650001700259OSt260425b |||||||| |||| 00| 0 eng d a634.43bR18E aRanjana, Ranju aEffect of GA3 and Packaging on the Shelf Life of Sapota (Achras Sapota ) Cv. Pala Fruits aPusa, SamastipurbRAUc2010 a46P. bMsc.d2010 aFruit & Fruit Technology aHorticulture